000 00315nam a2200133Ia 4500
008 210210b1978 xxu||||| |||| 00| 0 eng d
082 _a346.01 NEWA
100 _a-
245 _aNew acts of Hindu law.
260 _aAllahabad
_bAllahabad Law Agency
_c1978
300 _a9
690 _aPrivate Law
906 _a046150
999 _c95555
_d95555